Multiple Choice State Quiz – Connecticut - Statistics

General Stats
  • This quiz has been taken 4 times
  • The average score is 8 of 10
Answer Stats
Question Answer % Correct
What is the flag of Connecticut?
100%
What is the capital of Connecticut? Hartford
100%
What state borders Connecticut? Rhode Island
100%
The academy of which U.S. military branch is found in New London? Coast Guard
75%
Connecticut is bordered to the south by what body of water? Long Island Sound
75%
Samuel Longhorne Clemens lived and eventually died in Connecticut. He's also well known as? Mark Twain
75%
Unofficially, Connecticut's nickname composes of what spice? Nutmeg
75%
Which Ivy League University is located in Connecticut? Yale
75%
In December 2012, what unfortunate incident occurred in Connecticut? A school shooting cost the lives of 26 people
50%
The Connecticut Western Reserve is a place originally owned by Connecticut but transferred to what U.S. state? Ohio
50%
No matching quizzes found
Score Distribution
Percent of People with Each Score
Percentile by Number Answered
Your Score History
You have not taken this quiz